عرض عادي
عرض مارك
- Environmental quality
مدخل مصطلح موضوعي
001 - رقم الضبط
- حقل الضبط: 64928
003 - معرف رقم الضبط
- حقل الضبط: OSt
005 - تاريخ ووقت أخر عملية
- حقل الضبط: 20180921175506.0
008 - عناصر بيانات ثابتة الطول
- حقل تحكم ثابت الطول: 180921|| aca||aabn | a|a d
040 ## - مصدر الفهرسة
- هيئة الفهرسة الأصلية: OSt
- وكالة الكتابة: OSt
150 ## - مدخل-- مصطلح تاريخي
- عنصر مدخل المصطلح الموضوعي او الاسم الجغرافي: Environmental quality
670 ## - بيانات المصدر موجوده
- الاستشهاد بالمصدر: Work cat.: (OSt)0: Hill, Marquita K. (Marquita Kaya) 64925, Understanding environmental pollution /, 2010
